000 01269nam a2200325 4500
001 297
003 OSt
005 20250528074017.0
008 250320b |||||||e |||| 00| f eng d
040 _bpor
041 _hita
_apor
082 _a853
_bM296n
100 1 _aManzoni, Alessandro,
_d1785-1873
_9578
240 _aI Promessi Sposi
245 _aOs noivos /
_cManzoni, Alessandro
260 _aSão Paulo
_bAbril
_c1971
300 _a288 p.
490 1 _aOs Imortais da Literatura Universal
520 _aNo norte da Itália, no século XVII, durante a ocupação espanhola, os jovens camponeses Renzo e Lúcia querem casar-se. Porém, Dom Rodrigo, o senhor da aldeia, deseja Lúcia e proíbe o casamento. O padre, amedrontado, não realiza a cerimônia; o advogado nega-se a ajudá-los; e, para não caírem numa armadilha dos sicários de Dom Rodrigo, os noivos vêem-se forçados a fugir.
650 0 _aLiteratura italiana
_9164
650 0 _aClássicos
_977
650 0 _aMistério
_942
650 0 _aAmor proibido
_9580
650 0 _aReligião
_9100
655 0 _aRomance
_923
655 0 _aFicção
_922
700 1 _aGuaspari, Marina,
_d1916-
_eTRADUTORA
_9581
830 _aOs Imortais da Literatura Universal
_9461
_vvol. 21
942 _2ddc
_n0
_cBK
999 _c297
_d297